| 000 | 00940 a2200217 4500 | ||
|---|---|---|---|
| 001 | 4209 | ||
| 005 | 20260407155432.0 | ||
| 008 | 260407a2011 arg spa d | ||
| 003 | AR-UNSa-BCEJYS | ||
| 040 |
_aAR-UNSa-BCEJYS _bspa _cAR-UNSa-BCEJYS |
||
| 080 |
_a343.2 _xDerecho penal |
||
| 245 | 1 | 0 | _aSociología criminal y derecho penal |
| 020 | _a978-950-894-858-8 | ||
| 264 | 1 |
_aBuenos Aires : _bAD-HOC _c2011 |
|
| 300 |
_a192 p. _c23 cm. |
||
| 505 | _a1. ¿Qué es el crimen? - 2. La sociología criminal y el derecho penal - 3. La criminalidad y los fenómenos económicos - 4. El delito político - 5. La juventud criminal - 6. La criminología - 7. Acerca de dos bellos crímenes - 8. El tipo criminal | ||
| 942 | _cBK | ||
| 590 | _aniveau_biblio:m niveau_hierar:0 | ||
| 100 | 1 | _aTarde, Gabriel | |
| 856 | 4 | 1 |
_uhttps://biblioeco.unsa.edu.ar/pmb/images/libros/Sociologia criminal y derecho penal2-l118366.jpg _yImagen de portada _qimage/jpeg |
| 999 |
_c402 _d402 |
||